Statistiques concernant Quiz sur moi 3

Cliquez ici pour prendre le quiz!

Statistiques générales

  • Ce quiz a été pris 14 fois
  • Le résultat moyen est 5 sur 20

Statistiques - réponses

HintRéponse% Correct
La ville de ma pire cuiteParis
100%
La classe que j'ai sautéCE2
50%
Le premier jour de la semaine ou j'ai dormi chez toiLundi
50%
Le nombre de fois où je suis allé à l'hôpital0
43%
L'âge auquel j'ai commencé le tennis4 ans
43%
La marque de mes chaussures de courseAdidas
43%
A quel âge ai-je eu mes premières lunettes ?17 ans
36%
Mes villes préférées en EuropeBerlin
29%
Bruxelles
21%
Mon disney préféréMulan
14%
Mon métier de rêve étant enfantArchéologue
7%
L'avenue de mon premier appartAvenue de Clichy
7%
Ce que j'ai volé à la fnacCartes pokemon
7%
Qu'est ce que je portais aux mains pour la photo à VavinGants de boxe
7%
Petit j'étais allergique à quoi (peut être tjs maintenant d'ailleurs)Guêpes
7%
Le métier de ma mèreJuriste
7%
Le lieu de la première fois que j'ai vu ta soeurParc Monceau
7%
Mon plat préféré étant enfantPorc au caramel
7%
Ton ancien nom sur mon répertoireSacha GTT
7%
Mon dessert préféré étant enfantTarte au citron
7%

Distribution des résultats

Percentile par nombre de réponses

% des personnes avec chaque résultat

Votre développement - résultats

Vous n’avez pas pris ce quiz